00570nam a22001937a 450000500170000001000290001702000260004603500270007203700130009903700210011208200100013310000160014324500630015926000450022227000530026730000220032050000190034270000150036120110628104948.0 aENG-102856 B-461493-501 a9788190749602c225.00 aEN-86389 B-461493-501 bDBAD/PUB bVirtuous Pub/Ven a005.1 aAshok Kumar aSoftware engineering /cby Ashok Kumar [and] Anil Kumarb  aNew DelhibVayu Education of Indiac2009 a2/25, Ansari Road, Darya GanjbNew Delhie1100022 a335p.c24cm (pbk) aIncludes index aAnil kumar